000
00316nam a22001337a 4500
008
170525b xxu||||| |||| 00| 0 eng d
020
_a
9780201361315
041
_a
eng
080
_2
4TH
_a
624
100
_a
26
101
_a
IM
245
_a
MANUFACTURING ENGINEERING AND TECHNOLOGY
_c
KALPAKJIAN,S
942
_2
udc
_c
BK
999
_c
14263
_d
14263